ბათუმის შოთა რუსთაველის სახელმწიფო უნივერსიტეტის ბიბლიოთეკა

Neurology and Neurosurgery Illustrated / (ბიბ.ჩანაწერი № 61706)

000 -LEADER
fixed length control field 00714nam a22001937a 4500
005 - DATE AND TIME OF LATEST TRANSACTION
control field 20240418172803.0
008 - FIXED-LENGTH DATA ELEMENTS--GENERAL INFORMATION
fixed length control field 240418s2004 enk||||| |||| 00| 0 eng d
020 ## - INTERNATIONAL STANDARD BOOK NUMBER
International Standard Book Number 9780443070563x
041 ## - LANGUAGE CODE
Language code of text/sound track or separate title eng
080 ## - UNIVERSAL DECIMAL CLASSIFICATION NUMBER
Universal Decimal Classification number 616. 8 L-75
100 ## - MAIN ENTRY--PERSONAL NAME
Personal name Lindsay, Kenneth W.
9 (RLIN) 8710
245 ## - TITLE STATEMENT
Title Neurology and Neurosurgery Illustrated /
Statement of responsibility, etc. Kenneth W. Lindsay, Ian Bone.
264 ## - PRODUCTION, PUBLICATION, DISTRIBUTION, MANUFACTURE, AND COPYRIGHT NOTICE
Place of production, publication, distribution, manufacture Edinburg :
Name of producer, publisher, distributor, manufacturer ‎Churchill Livingstone,
Date of production, publication, distribution, manufacture, or copyright notice 2004.
300 ## - PHYSICAL DESCRIPTION
Extent 598 p.:
Other physical details ill.
Dimensions 25 cm.
653 ## - INDEX TERM--UNCONTROLLED
keyword ილუსტრირებული ნევროლოგია და ნეიროქირურგია
653 ## - INDEX TERM--UNCONTROLLED
keyword მედიცინა
700 ## - ADDED ENTRY--PERSONAL NAME
Personal name Bone, Ian
Relator term ავტორი
9 (RLIN) 8716
942 ## - ADDED ENTRY ELEMENTS (KOHA)
Source of classification or shelving scheme
Koha item type წიგნი
ეგზემპლარები
Withdrawn status Lost status Source of classification or shelving scheme Damaged status Not for loan Permanent Location Current Location Shelving location Date acquired Cost, normal purchase price Full call number Barcode Date last seen Copy number Price effective from Koha item type Public note
          ბათუმის შოთა რუსთაველის სახელმწიფო უნივერსიტეტის მთავარი ბიბლიოთეკა ბათუმის შოთა რუსთაველის სახელმწიფო უნივერსიტეტის მთავარი ბიბლიოთეკა წიგნსაცავი 2024-04-18 158.00 616. 8 L-75 67869 2024-04-18 67869 2024-04-18 წიგნი 158 ლ.